Pathways to a Hydrogen Future / (Record no. 11282)

MARC details
000 -LEADER
fixed length control field 01478cam a22003857a 4500
001 - CONTROL NUMBER
control field 14901073
005 - DATE AND TIME OF LATEST TRANSACTION
control field 20161107120146.0
008 - FIXED-LENGTH DATA ELEMENTS--GENERAL INFORMATION
fixed length control field 070622s2007 ne ab b 001 0 eng
010 ## - LIBRARY OF CONGRESS CONTROL NUMBER
LC control number 2007931574
015 ## - NATIONAL BIBLIOGRAPHY NUMBER
National bibliography number GBA750889
Source bnb
016 7# - NATIONAL BIBLIOGRAPHIC AGENCY CONTROL NUMBER
Record control number 013783481
Source Uk
020 ## - INTERNATIONAL STANDARD BOOK NUMBER
International Standard Book Number 0080467342 (hbk.)
020 ## - INTERNATIONAL STANDARD BOOK NUMBER
International Standard Book Number 9780080467344 (hbk.)
035 ## - SYSTEM CONTROL NUMBER
System control number (OCoLC)ocn153553207
040 ## - CATALOGING SOURCE
Original cataloging agency UKM
Transcribing agency UKM
Modifying agency BAKER
-- YDXCP
-- BWKUK
-- OHX
-- BTCTA
-- DLC
042 ## - AUTHENTICATION CODE
Authentication code lccopycat
050 00 - LIBRARY OF CONGRESS CALL NUMBER
Classification number TP359.H8
Item number D74 2007
082 04 - DEWEY DECIMAL CLASSIFICATION NUMBER
Classification number 333.794
Edition number 22
Item number DRE
100 1# - MAIN ENTRY--PERSONAL NAME
Personal name Drennen, Thomas E.,
Dates associated with a name 1956-
9 (RLIN) 3597
245 10 - TITLE STATEMENT
Title Pathways to a Hydrogen Future /
Statement of responsibility, etc Thomas E. Drennen, Jennifer E. Rosthal.
260 ## - PUBLICATION, DISTRIBUTION, ETC. (IMPRINT)
Place of publication, distribution, etc Amsterdam ;
-- Boston ;
-- London :
Name of publisher, distributor, etc Elsevier, 2007
Date of publication, distribution, etc 2007.
300 ## - PHYSICAL DESCRIPTION
Extent xiv, 288 p. :
Other physical details ill., maps ;
Dimensions 24 cm. +
Accompanying material 1 CD-ROM (4 3/4 in.)
500 ## - GENERAL NOTE
General note Includes Index.
504 ## - BIBLIOGRAPHY, ETC. NOTE
Bibliography, etc Includes bibliographical references and index.
650 #0 - SUBJECT ADDED ENTRY--TOPICAL TERM
Topical term or geographic name as entry element Economic forecasting.
9 (RLIN) 3599
650 #0 - SUBJECT ADDED ENTRY--TOPICAL TERM
Topical term or geographic name as entry element Power resources
General subdivision Technological innovations.
9 (RLIN) 3600
653 ## - INDEX TERM--UNCONTROLLED
Resource For college
650 #0 - SUBJECT ADDED ENTRY--TOPICAL TERM
9 (RLIN) 3598
Topical term or geographic name as entry element Hydrogen as fuel
700 1# - ADDED ENTRY--PERSONAL NAME
Personal name Rosthal, Jennifer E.
9 (RLIN) 3601
856 42 - ELECTRONIC LOCATION AND ACCESS
Materials specified Publisher description
Uniform Resource Identifier <a href="http://www.loc.gov/catdir/enhancements/fy0805/2007931574-d.html">http://www.loc.gov/catdir/enhancements/fy0805/2007931574-d.html</a>
856 41 - ELECTRONIC LOCATION AND ACCESS
Materials specified Table of contents
Uniform Resource Identifier <a href="http://www.loc.gov/catdir/toc/fy0803/2007931574.html">http://www.loc.gov/catdir/toc/fy0803/2007931574.html</a>
942 ## - ADDED ENTRY ELEMENTS (KOHA)
Source of classification or shelving scheme Dewey Decimal Classification
Item type Book - Borrowing
Holdings
Withdrawn status Item status Source of classification or shelving scheme Damaged status Not for loan Vendor Home library Current library Shelving location Date acquired Source of acquisition Cost, normal purchase price Serial Enumeration / chronology Total Checkouts Total Renewals Full call number Barcode Date last seen Date last borrowed Koha item type
    Dewey Decimal Classification     Baccah Central Library Central Library First floor 13/04/2009   636.00 7117 1 22 333.794 DRE 000015935 15/07/2025 23/02/2012 Book - Borrowing
    Dewey Decimal Classification       Central Library Central Library First floor 03/11/2010           333.794 DRE 000022498 24/08/2022   CD | DVD - With book